| 000 | 00899nam a22003013a 4500 | ||
|---|---|---|---|
| 001 | 16409730 | ||
| 003 | PILC | ||
| 005 | 20160129104828.0 | ||
| 008 | 871123s1987 nyub 000 1 eng d | ||
| 010 | _a 98808643 | ||
| 020 |
_a9780373085484 _c$1.95 |
||
| 035 | _a(OCoLC)ocm17013566 | ||
| 040 |
_aOCO _cOCO _dDLC |
||
| 050 | 0 | 0 |
_aPN 6071 _b.M863 1988 |
| 082 |
_aFIC _bM82m 1987 |
||
| 100 | 1 |
_aMorland, Lynnette. _920612 |
|
| 245 | 1 | 0 |
_aMid air _cLynnette Morland |
| 260 |
_aNew York : _bSilhouette Books, _cc1988. |
||
| 300 |
_a187 p. : _c17 cm. |
||
| 440 | 0 |
_aSilhouette romance ; _v548 _920613 |
|
| 655 | 7 |
_aRomantic suspense novels. _2gsafd _92963 |
|
| 655 | 7 |
_aLove stories. _2gsafd _92799 |
|
| 710 | 2 |
_aCopyright Paperback Collection (Library of Congress) _5DLC _9705 |
|
| 740 | 0 | _aMid air. | |
| 906 |
_a7 _bcbc _ccopycat _d2 _encip _f19 _gy-genrareb |
||
| 942 |
_2lcc _cBK |
||
| 999 |
_c11562 _d11562 |
||